The Soviet-Afghan War - Statistics

General Stats
  • This quiz has been taken 48 times
  • The average score is 8 of 15
Answer Stats
Hint Answer % Correct
Name any of the four Soviet premiers who were in office during the Soviet-Afghan War. Leonid Brezhnev | Yuri Andropov | Konstantin Chernenko | Mikhail Gorbachev
78%
To the nearest million, approximatey how many Afghans were killed during the war? 3 million
69%
After the war, the United States left reconstruction efforts in the hands of its allies: Pakistan and Saudi Arabia. What militant group did the Pakistani government immediately strengthen relations with, that would gain control of Afghanistan over the ensuing decades? Taliban
67%
During the aftermath of the war, in which year did Al Qaeda militants detonate a van bomb beside the World Trade Center, intending to collapse both buildings? 1993
64%
What is the general term for the Islamist resistance groups that were the primary opponents of the Soviet Union during the war? Mujahideen
64%
What was the informal name of the 19th century rivalry between the British and Russian empires over control of Afghanistan? "The Great {Game}"
64%
Millions of Soviet weapons scattered during the war continue to kill thousands of Afghan civilians annually, and the International Committee of the Red Cross has calculated that it would take about 4,300 years to remove them all. What are they? Land Mines
58%
What Soviet-controlled state ruled Afghanistan from 1978-1987? {Democratic} {Republic} of Afghanistan
56%
What is the second largest city in Afghanistan, the population of which was reduced from 250,000 to 25,000 during the war? Kandahar
53%
Just one year after the Soviets' withdrawal, Afghanistan would be engulfed in what war? First Afghan Civil War
50%
Soviet forces notoriously used what vehicles to abduct young women? Helicopters
42%
It is estimated that Afghans made up what percent of refugees in the 1980s? 50%
36%
What CIA program oversaw US support and funding of these groups? Operation {Cyclone}
33%
What international agreements were signed in Switzerland, officially marking the end of the war and the withdrawal of the Soviet Union from Afghanistan? {Geneva} {Accords} of 1988
28%
The Sunni Islamist groups formed an alliance called the Peshawar Seven. What was the Shia groups' alliance called? {Tehran} Eight
22%
No matching quizzes found
Score Distribution
Percent of People with Each Score
Percentile by Number Answered
Your Score History
You have not taken this quiz